000 00672cab a2200229 4500
001 ABS52802
008 090401t1995 xxu||||| |||| 00| 0 eng d
035 _a(Sirsi) u267
041 _aeng
100 _aMurphy, G.
245 2 _aA fair test?
260 _c1995
350 _a0
490 _aEstates Gazette
_v(9519) 13 May 1995, 66(1)
520 _aConsiders how DTI regulations implementing the EC Directive on Unfair Terms in Consumer Contracts, will affect auctioneers.
650 _aFAIRNESS
650 _aUNFAIR CONTRACT TERMS ACT 1977
650 _aUNFAIR TERMS IN CONSUMER CONTRACTS
690 _aAuctioneering
_96218
942 _n0
948 _c04/03/1997
999 _c104
_d104